Premier League - Number 2 - Statistics

General Stats
  • This quiz has been taken 3 times
  • The average score is 3 of 13
Answer Stats
Club Player % Correct
Man Utd Diogo Dalot
100%
Arsenal William Saliba
100%
Newcastle Kieran Trippier
67%
Crystal Palace Daniel Muñoz
33%
Liverpool Joe Gomez
33%
Brentford Aaron Hickey
0%
Leeds Utd Jayden Bogle
0%
Fulham Kenny Tete
0%
Burnley Kyle Walker
0%
West Ham Kyle Walker-Peters
0%
Wolves Matt Doherty
0%
Aston Villa Matty Cash
0%
Everton Nathan Patterson
0%
No matching quizzes found
Score Distribution
Percent of People with Each Score
Percentile by Number Answered
Your Score History
You have not taken this quiz